The due process of law /

Bibliographic Details
Main Author: Denning, Alfred Thompson Denning, Baron, 1899-1999
Format: Book
Language:English
Published: London : Butterworths, 1980.
Subjects:

MARC

Tag First Indicator Second Indicator Subfields
LEADER 00000cam a2200000 a 4500
001 in00000083455
005 20151008061302.0
008 820322s1980 enk b 00110 engm
010 |a  81473730  
015 |a GB80-08137 
020 |a 0406176078 :  |c 8.95 
020 |a 0406176086 (pbk.) 
035 |a (OCoLC)06205664 
035 |9 AAJ7729AM 
040 |a DLC  |c DLC  |d m.c.  |d TXA  |d UtOrBLW 
043 |a e-uk--- 
049 |a TXAM  |c [388116] 
050 0 0 |a KD4106  |b .D46 
082 0 |a 347.41  |a 344.107  |2 19 
100 1 |a Denning, Alfred Thompson Denning,  |c Baron,  |d 1899-1999. 
245 1 4 |a The due process of law /  |c by Lord Denning. 
264 1 |a London :  |b Butterworths,  |c 1980. 
300 |a xviii, 263 pages ;  |c 23 cm. 
336 |a text  |b txt  |2 rdacontent 
337 |a unmediated  |b n  |2 rdamedia 
338 |a volume  |b nc  |2 rdacarrier 
504 |a Includes bibliographical references and index. 
650 0 |a Due process of law  |z Great Britain. 
999 |a MARS 
999 f f |s 0d34ddb7-753a-3c0a-8dcb-220a109bed1c  |i 5590dc25-0d5b-3898-880e-7944dde95105  |t 0 
952 f f |p ric  |a Texas A&M University  |b Rellis Campus  |c Joint Library Facility  |d Remote Storage  |t 0  |e KD4106 .D46  |h Library of Congress classification  |i unmediated -- volume  |m A14806154391 
998 f f |a KD4106 .D46  |t 0  |l Remote Storage